|
|
|
|
| LEADER |
03881nam a22005775i 4500 |
| 001 |
978-0-387-21828-1 |
| 003 |
DE-He213 |
| 005 |
20151204145027.0 |
| 007 |
cr nn 008mamaa |
| 008 |
100301s2004 xxu| s |||| 0|eng d |
| 020 |
|
|
|a 9780387218281
|9 978-0-387-21828-1
|
| 024 |
7 |
|
|a 10.1007/b97630
|2 doi
|
| 040 |
|
|
|d GrThAP
|
| 050 |
|
4 |
|a QC19.2-20.85
|
| 072 |
|
7 |
|a PHU
|2 bicssc
|
| 072 |
|
7 |
|a SCI040000
|2 bisacsh
|
| 082 |
0 |
4 |
|a 530.1
|2 23
|
| 100 |
1 |
|
|a Ihn, Thomas.
|e author.
|
| 245 |
1 |
0 |
|a Electronic Quantum Transport in Mesoscopic Semiconductor Structures
|h [electronic resource] /
|c by Thomas Ihn.
|
| 264 |
|
1 |
|a New York, NY :
|b Springer New York :
|b Imprint: Springer,
|c 2004.
|
| 300 |
|
|
|a 270 p. 81 illus., 7 illus. in color.
|b online resource.
|
| 336 |
|
|
|a text
|b txt
|2 rdacontent
|
| 337 |
|
|
|a computer
|b c
|2 rdamedia
|
| 338 |
|
|
|a online resource
|b cr
|2 rdacarrier
|
| 347 |
|
|
|a text file
|b PDF
|2 rda
|
| 490 |
1 |
|
|a Springer Tracts in Modern Physics,
|x 0081-3869 ;
|v 192
|
| 505 |
0 |
|
|a to Electron Transport -- Electrical conductance: Historical account from Ohm to the semiclassical Drude-Boltzmann theory -- Toward the microscopic understanding of conductance on a quantum mechanical basis -- Conductance in Strongly Interacting and Disordered Two-Dimensional Systems -- The concept of metals and insulators -- Scaling theory of localization -- Electron-electron interactions within the Fermi-liquid concept -- Beyond Fermi-liquid theory -- Summary of disorder and interaction effects -- Experiments on strongly interacting two-dimensional systems and the metal-insulator transition -- Theoretical work related to the metal-insulator transition -- Metallic behavior in p-SiGe quantum wells -- Electron Transport through Quantum Dots and Quantum Rings -- to electron transport through quantum dots -- Energy spectra of quantum rings -- Spin filling in quantum dots -- Local Spectroscopy of Semiconductor Nanostructures -- Instrumentation: Scanning force microscopes for cryogenic temperatures and magnetic fields -- Local investigation of a two-dimensional electron gas with an SFM at cryogenic temperatures -- Local investigation of edge channels -- Scanning gate measurements on a quantum wire.
|
| 520 |
|
|
|a This book treats three topics of electronic quantum transport in mesoscopic semiconductor structures: the conductance in strongly interacting and disordered two-dimensional systems and the metal insulator transition, electron transport through quantum dots and quantum rings in the Coulomb-blockade regime, and scanning probe experiments on semiconductor nanostructures at cryogenic temperatures. In addition it gives a brief historical account of electron transport from Ohm's law through transport in semiconductor nanostructures, and a review of cryogenic scanning probe techniques applied to semiconductor nanostructures. Both graduate students and researchers in the field of mesoscopic semiconductors or in semiconductor nanostructures will find this book useful.
|
| 650 |
|
0 |
|a Physics.
|
| 650 |
|
0 |
|a Quantum physics.
|
| 650 |
|
0 |
|a Optics.
|
| 650 |
|
0 |
|a Electrodynamics.
|
| 650 |
|
0 |
|a Quantum optics.
|
| 650 |
|
0 |
|a Optical materials.
|
| 650 |
|
0 |
|a Electronic materials.
|
| 650 |
|
0 |
|a Nanotechnology.
|
| 650 |
1 |
4 |
|a Physics.
|
| 650 |
2 |
4 |
|a Theoretical, Mathematical and Computational Physics.
|
| 650 |
2 |
4 |
|a Quantum Physics.
|
| 650 |
2 |
4 |
|a Optics and Electrodynamics.
|
| 650 |
2 |
4 |
|a Optical and Electronic Materials.
|
| 650 |
2 |
4 |
|a Nanotechnology.
|
| 650 |
2 |
4 |
|a Quantum Optics.
|
| 710 |
2 |
|
|a SpringerLink (Online service)
|
| 773 |
0 |
|
|t Springer eBooks
|
| 776 |
0 |
8 |
|i Printed edition:
|z 9781441923097
|
| 830 |
|
0 |
|a Springer Tracts in Modern Physics,
|x 0081-3869 ;
|v 192
|
| 856 |
4 |
0 |
|u http://dx.doi.org/10.1007/b97630
|z Full Text via HEAL-Link
|
| 912 |
|
|
|a ZDB-2-PHA
|
| 912 |
|
|
|a ZDB-2-BAE
|
| 950 |
|
|
|a Physics and Astronomy (Springer-11651)
|